000 00822nam a2200265Ia 4500
001 Para_7039
003 CHAP
008 220125s1989 xx 000 0 und d
010 _a205866
040 _cCHAP
082 _aPA 631.4063 C65 1979
111 _aCongreso Nacional de la Ciencia del Suelo (12 : 1979 : Morelia, Mich.)
_927050
245 _aPrograma general /
_c por Sociedad Mexicana de la Ciencia del Suelo
260 _aMorelia, Mich. :
_b Sociedad Mexicana de la Ciencia del Suelo
300 _a106 h.
650 _aSuelos
_x congresos
_9110281
650 _aSuelos
_x México
_x congresos
_9171972
901 _aPA 631.4063 C65 1979
902 _aA
905 _a0000001989 0000000000 00
910 _a1989
942 _cPARA
942 _cPARA
_d1
999 _c205866
_d205866